|
|
|
|
| LEADER |
00000cam a2200000 a 4500 |
| 001 |
vtls008399838 |
| 003 |
SK-MaSNL |
| 005 |
20260301123611.0 |
| 008 |
250604s1944 xo cr 001 d slo |
| 015 |
|
|
|a SNBA19421945-117/2795
|
| 020 |
|
|
|q (brožované)
|
| 035 |
|
|
|a SK01SNKBKSD220020092055
|
| 035 |
|
|
|a SKM000094518
|
| 040 |
|
|
|a SNK
|b slo
|c SNK
|e AACR2
|
| 041 |
0 |
|
|a slo
|
| 044 |
|
|
|a xo
|c SK
|
| 072 |
|
7 |
|a 821.162.4-2
|x Slovenská dráma
|2 konspekt
|
| 072 |
|
7 |
|a 821-93
|x Literatúra pre deti a mládež (beletria)
|2 konspekt
|
| 072 |
|
7 |
|a 792
|x Divadlo. Divadelné predstavenia
|2 konspekt
|
| 080 |
|
|
|a 61
|2 2011
|
| 080 |
|
|
|a 821.162.4-2
|2 2011
|
| 080 |
|
|
|a (0:82-2)
|2 2011
|
| 080 |
|
|
|a (0:82-7)
|2 2011
|
| 100 |
1 |
|
|a Svoboda, Fraňo,
|d 1901-1969
|4 aut
|9 37666
|
| 245 |
1 |
0 |
|a Zdravovedné scénky pre 5., 6., 7., a 8. školský rok
|c Fraňo Svoboda
|
| 260 |
|
|
|a V Trnave
|b František Urbánek a spol.
|c 1944
|
| 300 |
|
|
|a 108 strán
|c 23 cm
|
| 490 |
1 |
|
|a Zábavná a poučná knižnica pre mládež
|v sv. 17
|
| 500 |
|
|
|a Rozložený titulný list
|
| 500 |
|
|
|a Obsahuje 6 drám
|
| 650 |
0 |
7 |
|a zdravoveda
|2 SNKPH
|9 68172
|
| 655 |
|
7 |
|a slovenské drámy
|2 SNKPH
|9 70606
|
| 655 |
|
7 |
|a divadelné hry
|2 SNKPH
|9 70577
|
| 655 |
|
7 |
|a literatúra pre mládež
|2 SNKPH
|9 89423
|
| 655 |
|
7 |
|a satira
|2 SNKPH
|9 70587
|
| 740 |
0 |
2 |
|a Naše nohy sa krivia na x a o
|
| 740 |
0 |
2 |
|a Keď u nás vypukol týfus
|
| 740 |
0 |
2 |
|a Čierne oči, choďte spať
|
| 740 |
0 |
2 |
|a Keď kováč trhal zuby
|
| 740 |
0 |
2 |
|a Prvá pomoc
|
| 740 |
0 |
2 |
|a Klarinet a bubon
|
| 752 |
|
|
|a Slovensko
|d Trnava
|
| 830 |
|
0 |
|a Zábavná a poučná knižnica pre mládež
|9 308843
|
| 852 |
|
|
|a Slovenská národná knižnica
|
| 954 |
|
|
|a beletria pôvodná (slovenská)
|2 lita
|
| 958 |
|
|
|a EUIPO
|
| 958 |
|
|
|a RK
|
| 958 |
|
|
|a TL
|
| 958 |
|
|
|a DB
|
| 958 |
|
|
|a LX
|
| 958 |
|
|
|a OND
|
| 999 |
|
|
|c 736839
|d 738769
|
| 952 |
|
|
|a SNK
|b SNK
|y PREZ
|7 0
|p 17A0732775
|o snkSC 1350/17
|i snk3364/44
|0 0
|1 0
|4 0
|d 2024-10-21
|f 1
|l 0
|r 2025-06-11 00:00:00
|w 2026-02-23
|
| 952 |
|
|
|a SNK
|b SNK
|y VYP
|7 0
|p 17A1051427
|o snkSC 1350/17 D1
|i snkXI. 830/55
|0 0
|1 0
|4 0
|d 2013-01-07
|l 0
|r 2026-02-23 22:47:13
|w 2026-02-23
|